Faculty of Law Library — Cairo University

Official Online Catalog

مبدأ لتكامل في القضاء الجنائي الولي : (Record no. 50622)

MARC details
000 -LEADER
fixed length control field 01364nam a2200361 i 4500
003 - CONTROL NUMBER IDENTIFIER
control field EG-GICUC
005 - DATE AND TIME OF LATEST TRANSACTION
control field 20260121101506.0
008 - FIXED-LENGTH DATA ELEMENTS--GENERAL INFORMATION
fixed length control field 251215s2001 ua ||||fr|||| 000 0 ara d
017 ## - COPYRIGHT OR LEGAL DEPOSIT NUMBER
Copyright or legal deposit number 2001/13924
020 ## - INTERNATIONAL STANDARD BOOK NUMBER
International Standard Book Number 977-04-3547-3
040 ## - CATALOGING SOURCE
Original cataloging agency EG-GICUC
Language of cataloging ara
Transcribing agency EG-GICUC
Modifying agency EG-GICUC
Description conventions rda
041 ## - LANGUAGE CODE
Language code of text/sound track or separate title ara
082 04 - DEWEY DECIMAL CLASSIFICATION NUMBER
Edition number 21
Classification number 343.54
Item number ع ب . م
092 04 - LOCALLY ASSIGNED DEWEY CALL NUMBER (OCLC)
Edition number 21
099 ## - LOCAL FREE-TEXT CALL NUMBER (OCLC)
Classification number Law1 10 343.54 ع ب . م 1 ed 2001
100 0# - MAIN ENTRY--PERSONAL NAME
Personal name عبدالفتاح محمد سراج
Relator term مؤلف.
245 10 - TITLE STATEMENT
Title مبدأ لتكامل في القضاء الجنائي الولي :
Remainder of title دراسة تحليلية تأصيلية /
Statement of responsibility, etc. عبدالفتاح محمد سراج.
250 ## - EDITION STATEMENT
Edition statement الطبعة الاولى
264 #1 - PRODUCTION, PUBLICATION, DISTRIBUTION, MANUFACTURE, AND COPYRIGHT NOTICE
Place of production, publication, distribution, manufacture القاهرة :
Name of producer, publisher, distributor, manufacturer دار الهضة العربية,
Date of production, publication, distribution, manufacture, or copyright notice 2001.
300 ## - PHYSICAL DESCRIPTION
Extent 153 صفحة ؛
Dimensions 24 سم
336 ## - CONTENT TYPE
Source rda content
Content type term text
337 ## - MEDIA TYPE
Source rda media
Media type term Computer
338 ## - CARRIER TYPE
Source rda carrier
Carrier type term Online Resource
504 ## - BIBLIOGRAPHY, ETC. NOTE
Bibliography, etc. note . 149-142ببليوجرافيا: صفحات.
546 ## - LANGUAGE NOTE
Language note النص باللغة العربية
650 14 - SUBJECT ADDED ENTRY--TOPICAL TERM
Topical term or geographic name entry element القضاء اجنائي الدولي
Source of heading or term qrmak
650 14 - SUBJECT ADDED ENTRY--TOPICAL TERM
Topical term or geographic name entry element الحصانات فى القانون الجنائي
Source of heading or term qrmak
650 14 - SUBJECT ADDED ENTRY--TOPICAL TERM
Topical term or geographic name entry element المسئولية الجنائية
651 1# - SUBJECT ADDED ENTRY--GEOGRAPHIC NAME
Source of heading or term qrmak
856 40 - ELECTRONIC LOCATION AND ACCESS
Uniform Resource Identifier <a href="https://fll.law.cu.edu.eg/fulltext/bks/B10-07124.pdf">https://fll.law.cu.edu.eg/fulltext/bks/B10-07124.pdf</a>
905 ## - Cataloger and Reviser Names
Cataloger Name: Hager Mohamed
Revisor Name: Hassnaa
942 ## - ADDED ENTRY ELEMENTS (KOHA)
Source of classification or shelving scheme Dewey Decimal Classification
Koha item type Books
Edition 21
Suppress in OPAC No
Holdings
Withdrawn status Lost status Source of classification or shelving scheme Damaged status Not for loan Collection Home library Current library Date acquired Total checkouts Full call number Barcode Date last seen Copy number Price effective from Koha item type
    Dewey Decimal Classification   Not for loan القانون الجنائي جــــامعة القــاهرة مكتبة كلية الحقوق - المبنى الرئيسي 15.12.2025   Law1 10 343.54 ع ب . م 1 ed 2001 1007124 C1 B10-07124 15.12.2025 1 15.12.2025 Books
    Dewey Decimal Classification     القانون الجنائي جــــامعة القــاهرة مكتبة كلية الحقوق - المبنى الرئيسي 15.12.2025   Law1 10 343.54 ع ب . م 1 ed 2001 1007125 C2 B10-07125 15.12.2025 2 15.12.2025 Books
    Dewey Decimal Classification     القانون الجنائي جــــامعة القــاهرة مكتبة كلية الحقوق - فـرع الشيخ زايد 15.12.2025   Law2 10 343.54 ع ب . م 1 ed 2001 1007126 C3 B10-07126 15.12.2025 3 15.12.2025 Books

© All rights reserved — Faculty of Law, Cairo University